| 000 | 00595nam a22002177a 4500 | ||
|---|---|---|---|
| 003 | OSt | ||
| 005 | 20240624125839.0 | ||
| 008 | 240624b |||||||| |||| 00| 0 eng d | ||
| 020 | _a0748757406 | ||
| 040 | _cMUST | ||
| 082 | _a547 YOU 1991 | ||
| 100 |
_aYoung R. J _917698 |
||
| 245 |
_aIntroduction to polymers / _cR.J. Young, P. A. Lovell |
||
| 250 | _a2nd.ed. | ||
| 260 |
_bChapman and Hall _c1991 |
||
| 300 |
_ax, 443p.: _bill. ; _c24 cm. |
||
| 504 | _aIncludes bibliographical references and index | ||
| 650 |
_aChemistry _9797 |
||
| 700 |
_aLovell, P. A. _917699 |
||
| 942 |
_2ddc _cO_SHELF |
||
| 999 |
_c8752 _d8752 |
||